Nghiên cứu tổng hợp các dẫn xuất mới của 1,2,3-Triazole từ vanillin : Luận văn tốt nghiệp cao học. Chuyên ngành Hóa hữu cơ
Nội dung đề tài gồm tổng hợp ít nhất 2 dẫn xuất mới của 1,2,3 -Triazole. Thử nghiệm hoạt tính sinh học kháng khuẩn, kháng nấm, kháng ung thư và nhiều hoạt tính khác của các Triazole tổng hợp từ vanillin...
Đã lưu trong:
| 主要作者: | |
|---|---|
| 格式: | 圖書 |
| 語言: | Undetermined |
| 出版: |
Cần Thơ
Trường Đại học Cần Thơ
2016
|
| 主題: | |
| 標簽: |
添加標簽
沒有標簽, 成為第一個標記此記錄!
|
| Thư viện lưu trữ: | Trung tâm Học liệu Trường Đại học Cần Thơ |
|---|
| LEADER | 01161nam a2200229Ia 4500 | ||
|---|---|---|---|
| 001 | CTU_211269 | ||
| 008 | 210402s9999 xx 000 0 und d | ||
| 082 | |a 547.2 | ||
| 082 | |b Ng406 | ||
| 088 | |a 60440114 | ||
| 100 | |a Lê, Hoàng Ngoan | ||
| 245 | 0 | |a Nghiên cứu tổng hợp các dẫn xuất mới của 1,2,3-Triazole từ vanillin : | |
| 245 | 0 | |b Luận văn tốt nghiệp cao học. Chuyên ngành Hóa hữu cơ | |
| 245 | 0 | |c Lê Hoàng Ngoan ; Bùi Thị Bửu Huê (Cán bộ hướng dẫn) | |
| 260 | |a Cần Thơ | ||
| 260 | |b Trường Đại học Cần Thơ | ||
| 260 | |c 2016 | ||
| 520 | |a Nội dung đề tài gồm tổng hợp ít nhất 2 dẫn xuất mới của 1,2,3 -Triazole. Thử nghiệm hoạt tính sinh học kháng khuẩn, kháng nấm, kháng ung thư và nhiều hoạt tính khác của các Triazole tổng hợp từ vanillin | ||
| 650 | |a Chemistry, organic,Hóa học, hữu cơ | ||
| 650 | |x Synthesis,Tổng hợp | ||
| 904 | |i Nguyên | ||
| 980 | |a Trung tâm Học liệu Trường Đại học Cần Thơ | ||